Smart Data Acquisition System (SDAS) / (Record no. 616081)

000 -LEADER
fixed length control field 00621nam a22001697a 4500
003 - CONTROL NUMBER IDENTIFIER
control field NUST
082 ## - DEWEY DECIMAL CLASSIFICATION NUMBER
Classification number 621.382,AFT
100 ## - MAIN ENTRY--PERSONAL NAME
Personal name Aftab, Moiz
9 (RLIN) 133086
245 ## - TITLE STATEMENT
Title Smart Data Acquisition System (SDAS) /
Statement of responsibility, etc. Moiz Aftab, Faisal Khan, Abdul Wahab Khan and Mohsin Zulfiqar (BETE-55 /TCC-30)
260 ## - PUBLICATION, DISTRIBUTION, ETC.
Place of publication, distribution, etc. Rawalpindi
Name of publisher, distributor, etc. MCS (NUST)
Date of publication, distribution, etc. June, 2022
300 ## - PHYSICAL DESCRIPTION
Extent xi, 45 p.;
505 ## - FORMATTED CONTENTS NOTE
Formatted contents note Introduction (Page-1), Liquid Crystal Display (Page-14), System Design (Page-27), Results (Page-42).
650 ## - SUBJECT ADDED ENTRY--TOPICAL TERM
Topical term or geographic name entry element UG Project
9 (RLIN) 131132
651 ## - SUBJECT ADDED ENTRY--GEOGRAPHIC NAME
Geographic name (BETE-55 /TCC-30)
9 (RLIN) 132999
700 ## - ADDED ENTRY--PERSONAL NAME
Personal name Supervised by Adil Masood
9 (RLIN) 133087
942 ## - ADDED ENTRY ELEMENTS (KOHA)
Source of classification or shelving scheme
Koha item type Project Report
Holdings
Withdrawn status Lost status Source of classification or shelving scheme Damaged status Not for loan Permanent Location Current Location Shelving location Date acquired Total Checkouts Full call number Barcode Date last seen Price effective from Koha item type Public note
          Military College of Signals (MCS) Military College of Signals (MCS) Reference 02/03/2026   621.382,AFT MCSPTE-325 02/03/2026 02/03/2026 Project Report Almirah No.90, Shelf No.5
© 2023 Central Library, National University of Sciences and Technology. All Rights Reserved.